[Event "USCL 2008"]
[Site "ICC INT"]
[Date "2008.08.27"]
[Round "1"]
[White "Tangborn,E"]
[Black "Martinez,Marce"]
[Result "0-1"]
[WhiteElo "2455"]
[BlackElo "2429"]

1.d4 Nf6 2.Nf3 d5 3.c4 c6 4.Qb3 dxc4 5.Qxc4 Bf5 6.g3 e6 7.Bg2 Nbd7 8.O-O Bd6
9.Rd1 O-O 10.e3 h6 11.Qe2 Bh7 12.Nbd2 Ne4 13.Nc4 Be7 14.Nfe5 Nb6 15.Na5 Qc7
16.f3 Nf6 17.Bd2 Nfd7 18.Nd3 Bxd3 19.Qxd3 e5 20.dxe5 Nxe5 21.Qc2 Rfd8 22.f4 Nd3
23.a3 Bf6 24.Rab1 Rd6 25.Nb3 Rad8 26.Ba5 Nxb2 27.Rxd6 Qxd6 28.Rxb2 Qd1+ 29.Bf1 Bxb2
30.Qxb2 Rd3 31.Nc5 Rd5 32.Bxb6 axb6 33.Ne4 Qf3 34.Nf2 Qxe3 35.Qe2 Qxe2 36.Bxe2 Ra5
37.Ne4 Rxa3 38.Nd6 b5 39.Kf2 b4 40.Nc4 Ra2 41.Ke3 b3 42.Nd2 b2 43.Bd3 c5
44.Bb1 Ra3+ 45.Ke2 b5 46.Be4 Rc3 47.Nb1 Rc1 48.Kd2 b4 49.Bd3 c4 50.Bc2 Kf8
51.Be4 Ke7 52.Bc2 Kd6 53.Be4 Kc5  0-1

[Event "44th Rubinstein Mem Open A"]
[Site "Polanica Zdroj POL"]
[Date "2008.08.27"]
[Round "9"]
[White "Litwin,J"]
[Black "Bugalski,M"]
[Result "1-0"]
[WhiteElo "2181"]
[BlackElo "2279"]

1.d4 d5 2.c4 c6 3.Nf3 Nf6 4.Qc2 dxc4 5.Qxc4 Be6 6.Qc2 g6 7.Nc3 Bg7 8.e4 O-O
9.h3 Re8 10.Be2 Nbd7 11.Ng5 Nf8 12.Be3 h6 13.Nxe6 Nxe6 14.Rd1 Qc7 15.O-O Rad8
16.Bc4 Nf8 17.f4 e6 18.Rfe1 N8d7 19.Bd3 Qa5 20.b4 Qc7 21.e5 Nh7 22.Nb5 Qb8
23.Nd6 Rf8 24.Nxf7 Rxf7 25.Bxg6 Nhf8 26.Bxf7+ Kxf7 27.f5 exf5 28.Qxf5+ Kg8
29.e6 Qd6 30.Qf7+ Kh8 31.e7  1-0

[Event "X Sants Open"]
[Site "Barcelona ESP"]
[Date "2008.08.28"]
[Round "7"]
[White "Vila Gazquez,X"]
[Black "Postny,E"]
[Result "0-1"]
[WhiteElo "2419"]
[BlackElo "2661"]

1.d4 d5 2.Nf3 c6 3.c4 Nf6 4.Qb3 dxc4 5.Qxc4 Bg4 6.Nbd2 e6 7.g3 Be7 8.Bg2 O-O
9.O-O Nbd7 10.Qb3 Qb6 11.Re1 Rad8 12.Nc4 Qa6 13.Bf4 Nd5 14.Bd2 N5b6 15.Na5 Bxf3
16.Bxf3 Ne5 17.Bg2 Rxd4 18.Bc3 Rd7 19.Rad1 Rxd1 20.Rxd1 Qxe2 21.Nxb7 Nd5
22.Bxe5 Qxe5 23.Na5 Rc8 24.Qb7 Qc7 25.Qxc7 Rxc7 26.Rc1 c5 27.Rd1 Nb6 28.b3 Kf8
29.Nc4 Nc8 30.Ne5 Bf6 31.Nd7+ Ke7 32.Nxf6 Kxf6 33.Rd8 Nb6 34.Bf1 Rc8 35.Rd2 Ke7
36.f4 Rd8 37.Rc2 Rd5 38.Kf2 Kd6 39.Bb5 Rd4 40.a3 Nd5 41.Ke2 h6 42.Be8 f5
43.h4 Nf6 44.Bb5 Ne4  0-1

[Event "2nd Open"]
[Site "Urumia IRI"]
[Date "2008.08.29"]
[Round "6"]
[White "Bagaturov,G"]
[Black "Babujian,L"]
[Result "0-1"]
[WhiteElo "2482"]
[BlackElo "2415"]

1.d4 d5 2.c4 c6 3.Nf3 Nf6 4.Qc2 g6 5.Bf4 Bg7 6.e3 O-O 7.Bd3 Na6 8.a3 dxc4
9.Bxc4 Bf5 10.Qe2 Qa5+ 11.Nbd2 b5 12.Ba2 c5 13.O-O Qb6 14.e4 Bg4 15.dxc5 Nxc5
16.Be3 Nfd7 17.Nb3 Bxf3 18.gxf3 Qf6 19.Nxc5 Nxc5 20.Qxb5 Ne6 21.Bxe6 fxe6
22.f4 Rab8 23.Qg5 Qxb2 24.e5 Qb7 25.Rfd1 Rbd8 26.Qg4 Kf7 27.Rab1 Qa6 28.Bc5 Rxd1+
29.Qxd1 Rc8 30.Qd4 Bh6 31.Rb3 Qe2 32.Kg2 Rc7 33.Re3 Qc2 34.Rc3 Qf5 35.Rf3 a6
36.h3 Qc2 37.Rc3 Qb2 38.a4 Qb7+ 39.Rf3 Rd7 40.Qc4 Rd1 41.Bb4 Rh1 42.f5 gxf5
43.Qh4 Rb1 44.Qh5+ Kg7 45.Kh2 Bf4+ 46.Rxf4 Qh1+ 47.Kg3 Rb3+ 48.f3 Qg1+ 49.Kh4 h6  0-1

[Event "Open A"]
[Site "Graz SUI"]
[Date "2008.08.30"]
[Round "1"]
[White "Sorm,D"]
[Black "Cojhter,K"]
[Result "1/2-1/2"]
[WhiteElo "2335"]
[BlackElo "2095"]

1.d4 d5 2.c4 dxc4 3.Nf3 c6 4.e3 b5 5.a4 e6 6.axb5 cxb5 7.b3 Bb4+ 8.Bd2 Bxd2+
9.Nbxd2 Nf6 10.bxc4 bxc4 11.Bxc4 O-O 12.O-O Nc6 13.Qa4 Bd7 14.Qa6 Nb4 15.Qd6 Qb8
16.Qc5 Rc8 17.Qg5 h6 18.Qa5 Nc6 19.Qa3 a5 20.Rfb1 Nb4 21.Ne5 Be8 22.Nd3 Bc6
23.Ra2 Ne4 24.Ne5 Nxd2 25.Rxd2 Be4 26.Rc1 Qb7 27.f3 Bd5 28.Bxd5 Rxc1+ 29.Qxc1 Qxd5
30.Qc7 Rf8 31.Rb2 f6 32.Ng6 Qd8 33.Qc4 Re8 34.h4 Qb8  1/2-1/2

[Event "2nd Open"]
[Site "Urumia IRI"]
[Date "2008.08.31"]
[Round "9"]
[White "Bagaturov,G"]
[Black "Gagunashvili,M"]
[Result "0-1"]
[WhiteElo "2482"]
[BlackElo "2566"]

1.d4 d5 2.c4 c6 3.Nf3 Nf6 4.Qc2 dxc4 5.Qxc4 Bf5 6.g3 e6 7.Bg2 Be7 8.O-O O-O
9.Nc3 Nbd7 10.e3 Ne4 11.Qe2 Nxc3 12.bxc3 Be4 13.Bb2 c5 14.c4 Qb6 15.Ne1 Bxg2
16.Nxg2 Nf6 17.Nf4 cxd4 18.exd4 Rfe8 19.Rab1 Qa6 20.Ba1 Rac8 21.Rfc1 Bf8
22.Rc2 Rc7 23.Rbc1 b6 24.Ng2 Rec8 25.Ne3 Nd5 26.Nxd5 exd5 27.c5 Qxe2 28.Rxe2 f6
29.Kg2 Kf7 30.Kf3 bxc5 31.dxc5 Rxc5 32.Rxc5 Bxc5 33.Rd2 Ke6 34.Bd4 Bxd4 35.Rxd4 Rc3+
36.Ke2 Rc4 37.Rd2 d4 38.Kf3 Kd5 39.Re2 Rc3+ 40.Kg2 Rc7 41.Re8 d3 42.Kf3 Kd4
43.Rd8+ Kc3  0-1

[Event "16th Nikea Open"]
[Site "Athens GRE"]
[Date "2008.09.01"]
[Round "9"]
[White "Filippas,S"]
[Black "Rusev,K"]
[Result "0-1"]
[WhiteElo "2240"]
[BlackElo "2508"]

1.d4 d5 2.c4 c6 3.Nf3 Nf6 4.Nbd2 Bf5 5.g3 e6 6.Bg2 h6 7.O-O Nbd7 8.b3 Be7
9.Bb2 O-O 10.Ne5 Bh7 11.Ndf3 Be4 12.Qd2 a5 13.a3 Qb6 14.Qc3 Rfd8 15.Nxd7 Nxd7
16.c5 Qa6 17.Rfe1 b6 18.b4 bxc5 19.bxc5 a4 20.Bf1 Rab8 21.Nd2 Nxc5 22.dxc5 Bf6
23.Qe3 Bxb2 24.Nxe4 Bxa1 25.Nd6 Bf6 26.Bh3 Rb3 27.Qf4 Qa7  0-1

[Event "TCh-SRB 1st League"]
[Site "Subotica SRB"]
[Date "2008.09.01"]
[Round "1"]
[White "Barlov,D"]
[Black "Stamenkovic,Dr"]
[Result "1-0"]
[WhiteElo "2474"]
[BlackElo "2412"]

1.c4 Nf6 2.d4 c6 3.Nf3 d5 4.Qc2 g6 5.e3 Bf5 6.Bd3 Bxd3 7.Qxd3 Bg7 8.O-O Nbd7
9.Nc3 O-O 10.cxd5 cxd5 11.Bd2 Rc8 12.Rfc1 Rc6 13.Na4 Rxc1+ 14.Rxc1 Qb8 15.Qc2 Rd8
16.Ba5 b6 17.Bb4 Bf8 18.Qc6 a5 19.Be1 e6 20.Ne5 Nxe5 21.dxe5 Ng4 22.Qxb6 Nxe5
23.Bxa5 Rc8 24.Rxc8 Qxc8 25.Bc3 Qc4 26.b3 Qe2 27.Qd4 Qxa2 28.f4 Qb1+ 29.Kf2 Nd3+
30.Kg3 e5 31.Qxd5 Qc2 32.h3 Qf2+ 33.Kh2 Qxe3 34.fxe5 Bb4 35.Qd8+ Bf8 36.Qf6 Nc5
37.Nxc5 Bxc5 38.Qd8+ Kg7 39.Qf6+ Kg8 40.Qd8+ Kg7 41.Qd2 Qxd2 42.Bxd2 Bd4
43.Bf4 h6 44.g4 h5 45.Kg3 hxg4 46.hxg4 g5 47.Bxg5 Bxe5+ 48.Kf3 Kg6 49.Bf4 Bc3
50.Ke4 Kf6 51.Kd5 Be1 52.Kc5 Ke6 53.Kc4 f6 54.Kd4 Ba5 55.Ke4 Be1 56.Be3 Bb4
57.Bd4 Bd2 58.Bc5 Be1 59.b4 Bg3 60.b5 Bh2 61.b6 Bg3 62.Be3  1-0

[Event "Open"]
[Site "Herzliya ISR"]
[Date "2008.09.02"]
[Round "1"]
[White "Golberg,I"]
[Black "Liasko,E"]
[Result "1-0"]
[WhiteElo "2207"]
[BlackElo "1978"]

1.d4 d5 2.c4 c6 3.Nf3 Nf6 4.g3 g6 5.Bg2 Bg7 6.O-O O-O 7.b3 Nbd7 8.Bb2 Ne4
9.Nfd2 Ndf6 10.f3 Nd6 11.e4 dxe4 12.fxe4 Ng4 13.Qf3 Nb5 14.cxb5 Bxd4+ 15.Bxd4 Qxd4+
16.Kh1 Qxa1 17.Nc3 Qb2 18.Nc4 Qc2 19.bxc6 bxc6 20.h3 Nf6 21.Qe3 Rd8 22.Rc1 Qd3
23.Rd1 Qxd1+ 24.Nxd1 Rxd1+ 25.Kh2 Be6 26.Ne5 Rad8 27.Nxc6 R8d2 28.Qh6 Rd7
29.g4 R1d2 30.Nxe7+  1-0

[Event "SuperLiga-ROM"]
[Site "Eforie Nord ROM"]
[Date "2008.09.03"]
[Round "3"]
[White "Georgescu,T"]
[Black "Duca,A"]
[Result "1-0"]
[WhiteElo "2442"]
[BlackElo "2059"]

1.d4 d5 2.c4 c6 3.Nf3 Nf6 4.Nbd2 g6 5.e3 Bg7 6.Bd3 Nbd7 7.O-O O-O 8.h3 Re8
9.b3 e5 10.dxe5 Nxe5 11.Nxe5 Rxe5 12.Bb2 Re8 13.cxd5 Qxd5 14.Bc4 Qa5 15.Qf3 Qf5
16.Rad1 Be6 17.Bxe6 Qxe6 18.Nc4 Ne4 19.Bxg7 Kxg7 20.Rd3 b5 21.Nd2 Nxd2 22.Rxd2 c5
23.Rfd1 c4 24.Rd6 Qe5 25.bxc4 bxc4 26.Rd7 Qf6 27.Qxf6+ Kxf6 28.Rc7 Rec8 29.Rdd7 c3
30.Rd6+ Kg7 31.Rdc6 Rxc7 32.Rxc7 Rb8 33.Rxc3 Rb1+ 34.Kh2 Rb2 35.Ra3 Rxf2
36.Rxa7 Re2 37.Ra3 h5 38.Kg3 Rb2 39.Ra6 Rc2 40.Kf3 Rb2 41.a4 Ra2 42.h4 Ra3
43.g3 Ra2 44.Ra8 Ra1 45.Kf4 Rf1+ 46.Ke4 Ra1 47.Ra7 Kf6 48.a5 Ra4+ 49.Kd5 Ra3
50.Kd4 Ra4+ 51.Kc5 Ra3 52.a6 Rxe3 53.Rc7 Ra3 54.a7 Kf5 55.Kb5 Ra1 56.Rc5+ Ke6
57.Rc6+ Kd5 58.Ra6 Rb1+ 59.Ka5 Kc5 60.Rc6+ Kd5 61.Rc8 Ra1+ 62.Kb6 Ke4 63.a8=Q+ Rxa8
64.Rxa8 Kf3 65.Ra3+ Kg4 66.Kc5 f6 67.Kd4 g5 68.hxg5 fxg5 69.Ke4 h4 70.gxh4 gxh4
71.Ra8 Kg3 72.Rg8+ Kf2 73.Rh8 Kg3 74.Ke3 h3 75.Rg8+ Kh2 76.Kf2 Kh1 77.Rg1+ Kh2
78.Rg3  1-0

[Event "17th CRO-chT 1w"]
[Site "Sibenik CRO"]
[Date "2008.09.03"]
[Round "7"]
[White "Ivekovic,I"]
[Black "Tomulic,V"]
[Result "1/2-1/2"]
[WhiteElo "1897"]
[BlackElo "1935"]

1.d4 d5 2.c4 c6 3.Qc2 Nf6 4.Nf3 a6 5.g3 e6 6.Bg2 Be7 7.O-O O-O 8.c5 Nbd7
9.Bf4 Nh5 10.Bd2 f5 11.Nc3 Ndf6 12.Na4 Ne4 13.Nb6 Rb8 14.b4 g5 15.a4 Bf6
16.e3 g4 17.Ne1 e5 18.dxe5 Bxe5 19.Rb1 Bc7 20.a5 Be5 21.Nd3 Bg7 22.f3 Nxd2
23.Qxd2 d4 24.e4 Be6 25.e5 Qc7 26.f4 Bh6 27.Nb2 Qxe5 28.Nd3 Qc7 29.Rfe1 Rfe8
30.Ne5 Rbd8 31.Nbc4 Bxc4 32.Nxc4  1/2-1/2

[Event "17th CRO-chT 1a"]
[Site "Sibenik CRO"]
[Date "2008.09.03"]
[Round "7"]
[White "Kurajica,B"]
[Black "Kuljasevic,D"]
[Result "1/2-1/2"]
[WhiteElo "2540"]
[BlackElo "2501"]

1.d4 d5 2.c4 c6 3.Qc2 Nf6 4.Nf3 dxc4 5.Qxc4 Bg4 6.Nbd2 Nbd7 7.g3 e6 8.Bg2 Be7
9.O-O O-O 10.Re1 Nb6 11.Qc2 Rc8 12.Nb3 Nbd7 13.Bg5 h6 14.Bxf6 Bxf6 15.Rad1 Qe7
16.Nfd2 Bf5 17.e4 Bh7 18.Nc4 Nb6 19.Ne3 e5 20.dxe5 Qxe5 21.Nc5 Qe7 22.Bh3 Rcd8
23.Bf5 g6 24.Bh3 Bd4 25.b4 Bxe3 26.Rxe3 g5 27.Ree1 Nd5 28.Qb2 Nf6 29.Rxd8 Rxd8
30.Nxb7 Rb8 31.Na5 Qxb4 32.Qxb4 Rxb4 33.e5 Ne4 34.e6 fxe6 35.Bxe6+ Kg7 36.Nxc6 Rb6
37.Nd4 Kf6 38.Bd5 Nc3 39.Bb3 Rd6 40.Ne2 Ne4 41.Kg2 Rd2 42.g4 a5 43.Kg1 Nc5
44.Ng3 Bg6 45.Rc1 Nxb3 46.axb3 Bc2 47.Nf1 Re2 48.Ra1 Re5 49.Nd2 Rb5 50.Kg2 Bxb3
51.Nxb3 Rxb3  1/2-1/2

[Event "TCh-SRB 1st League"]
[Site "Subotica SRB"]
[Date "2008.09.04"]
[Round "4"]
[White "Perunovic,Mio"]
[Black "Benkovic,P"]
[Result "1-0"]
[WhiteElo "2419"]
[BlackElo "2479"]

1.d4 d5 2.c4 c6 3.Nf3 dxc4 4.e3 Be6 5.a4 Na6 6.Nc3 Nb4 7.Ng5 Qc8 8.Nxe6 Qxe6
9.a5 Qg6 10.e4 Nf6 11.Bxc4 Qxg2 12.Rf1 Nxe4 13.Qb3 e6 14.Ra4 c5 15.Bb5+ Kd8
16.dxc5 Nxc3 17.bxc3 Nc6 18.a6 bxa6 19.Rxa6 Qe4+ 20.Be3 Ne5 21.Ra4 Qd5 22.Qxd5+ exd5
23.Ke2 Nd7 24.Rd1 Nf6 25.c4 Rc8 26.Rxa7 Bxc5 27.Rxd5+ Nxd5 28.Rd7+ Ke8 29.Rxd5+ Ke7
30.Bxc5+ Kf6 31.Bd4+ Kg6 32.c5 f6 33.Bd7 Ra8 34.Bf5+ Kh6 35.c6 Rhe8+ 36.Be3+ Rxe3+
37.Kxe3 g6 38.Bd7 Ra3+ 39.Rd3 Ra1 40.Rc3  1-0

[Event "TCh-SRB 1st League"]
[Site "Subotica SRB"]
[Date "2008.09.04"]
[Round "4"]
[White "Khenkin,I"]
[Black "Predojevic,B"]
[Result "1/2-1/2"]
[WhiteElo "2655"]
[BlackElo "2634"]

1.d4 d5 2.c4 c6 3.Nf3 Nf6 4.Qb3 dxc4 5.Qxc4 Bf5 6.g3 e6 7.Bg2 Be7 8.O-O Nbd7
9.Nc3 O-O 10.Re1 Bg6 11.e4 Rc8 12.Qb3  1/2-1/2

[Event "SuperLiga-ROM"]
[Site "Eforie Nord ROM"]
[Date "2008.09.05"]
[Round "5"]
[White "Miroshnichenko,E"]
[Black "Vajda,Al1"]
[Result "1-0"]
[WhiteElo "2593"]
[BlackElo "2463"]

1.d4 d5 2.Nf3 c6 3.c4 Nf6 4.Qb3 dxc4 5.Qxc4 Bf5 6.g3 e6 7.Nc3 Be7 8.Bg2 Nbd7
9.O-O h6 10.Qb3 Qb6 11.Nd2 O-O 12.Nc4 Qa6 13.e4 Bh7 14.a4 Nb6 15.Ne5 Nfd7
16.Nxd7 Nxd7 17.a5 b5 18.Be3 b4 19.Na4 Nf6 20.f3 Qxa5 21.Nc5 Qb5 22.Rfc1 Rfd8
23.Bf1 Qb8 24.Ra6 e5 25.Rxc6 a5 26.Na6 Rxa6 27.Rxa6  1-0

[Event "Open A"]
[Site "Graz SUI"]
[Date "2008.09.05"]
[Round "7"]
[White "Ebner,H"]
[Black "Cojhter,K"]
[Result "1/2-1/2"]
[WhiteElo "2251"]
[BlackElo "2095"]

1.d4 d5 2.c4 dxc4 3.Nf3 c6 4.e3 Be6 5.a4 Nf6 6.Na3 g6 7.Nxc4 Bg7 8.Be2 c5
9.O-O Nc6 10.dxc5 Qxd1 11.Rxd1 Ne4 12.Nd4 Bxc4 13.Bxc4 O-O-O 14.Bd2 Nxd4
15.exd4 Rxd4 16.Bc3 Rxd1+ 17.Rxd1 Nxc3 18.bxc3 e6 19.Bb5 a6 20.Be2 Kc7 21.Rd3 Re8
22.g4 h6 23.Rf3 Re7 24.Rf4 Kc6 25.Rc4 Kd5 26.Rb4 Kxc5 27.Bf3 b5 28.axb5 Bxc3
29.Rb3 Kc4 30.Rb1 axb5 31.Be2+ Kd4 32.Rxb5 Ke4 33.Kg2 Rd7 34.Rb3 Rc7 35.h3 Kf4
36.Bf3 Bd4 37.Rb7 Rxb7 38.Bxb7 e5 39.Bd5 f5 40.gxf5 Kxf5 41.f3  1/2-1/2

[Event "TCh-SRB 1st League"]
[Site "Subotica SRB"]
[Date "2008.09.06"]
[Round "6"]
[White "Markus,Rob"]
[Black "Stamenkovic,Dr"]
[Result "1-0"]
[WhiteElo "2572"]
[BlackElo "2412"]

1.d4 d5 2.c4 c6 3.Nf3 Nf6 4.Qb3 dxc4 5.Qxc4 Bf5 6.g3 e6 7.Bg2 Nbd7 8.e3 Be7
9.O-O O-O 10.Rd1 Qc7 11.Nc3 Ne4 12.Nd2 Nxc3 13.Qxc3 Rac8 14.e4 Bg4 15.f3 Bh5
16.Nc4 g5 17.b4 c5 18.bxc5 Nxc5 19.Nb2 Nd7 20.Qe1 Qc2 21.Nd3 Qa4 22.Be3 Rc2
23.a3 Rfc8 24.Nf2 h6 25.Rdb1 b5 26.g4 Bg6 27.Bf1 a6 28.Be2 R2c3 29.Bd1 Qc4
30.a4 b4 31.Rc1 e5 32.Be2 Qc6 33.Rxc3 bxc3 34.d5 Qb7 35.Rb1 Qa8 36.a5 f6
37.Nd3 Nc5 38.Nxc5 Bxc5 39.Qxc3 Bd4 40.Qd2 Bc3 41.Qd3 Bxa5 42.Qxa6 Qxa6 43.Bxa6 Rc3
44.Bd2 Ra3 45.Bxa5 Rxa5 46.Rb8+ Kg7 47.Bb5 Ra1+ 48.Kf2 Rd1 49.Ke3 Rd4 50.Bd3 h5
51.h3 hxg4 52.hxg4 Kf7 53.Rb7+ Kf8 54.Kd2 Be8 55.Kc3 Ba4 56.Be2 Ke8 57.Ra7 Bd1
58.Bxd1 Rxd1 59.Kc4 Rc1+ 60.Kb5 Rc3 61.d6 Kd8 62.Kb6 Rc2 63.Rc7 Rf2 64.Kc6 Rxf3
65.Ra7  1-0

[Event "3rd XtraCon EMT"]
[Site "Borup DEN"]
[Date "2008.09.07"]
[Round "4"]
[White "Kulaots,K"]
[Black "Haznedaroglu,K"]
[Result "1/2-1/2"]
[WhiteElo "2531"]
[BlackElo "2444"]

1.d4 d5 2.c4 c6 3.Nf3 Nf6 4.Qc2 dxc4 5.Qxc4 Bf5 6.g3 e6 7.Bg2 Be7 8.O-O O-O
9.Nc3 Nbd7 10.Re1 Ne4 11.Qb3 Qb6 12.Nh4 Bxh4 13.gxh4 Ndf6 14.f3 Qxb3 15.axb3 Nxc3
16.bxc3 Bc2 17.Ra3 a5 18.e4 a4 19.bxa4 Rxa4 20.Rxa4 Bxa4 21.Bf4 Bb5 22.Ra1 Nh5
23.Bd6 Rd8 24.Bc7 Rc8 25.Ra7 Ba6 26.Bf1 Bxf1 27.Kxf1 b5 28.Ke2 f5 29.Kd3 Kf7
30.Be5+ Kg6 31.Re7 fxe4+ 32.fxe4 Nf6 33.Bg3 c5 34.dxc5 Rxc5 35.Rxe6 Kf7 36.Re5 Rxe5
37.Bxe5 Ng4 38.Kd4 Ke6 39.Bxg7 Nxh2 40.Ke3 Ng4+ 41.Kf4 Nf2 42.Bd4 Nd3+ 43.Kg5 Ne1
44.Kh6 Nf3 45.Bf2 Nd2 46.Kxh7 Nxe4 47.Bd4 Kf7 48.Kh6 Nd2 49.Kh5 Nf3 50.Bb6 Kf6
51.Bd8+ Kf5 52.Kh6 Ne5 53.Kg7 Kg4 54.Bf6 Nd3 55.Kh6 b4 56.cxb4 Nxb4 57.Kg6 Nd3  1/2-1/2

[Event "5th LGA Premium Cup"]
[Site "Nuernberg GER"]
[Date "2008.09.07"]
[Round "6"]
[White "Kopylov,M"]
[Black "Schuster,K"]
[Result "1-0"]
[WhiteElo "2459"]
[BlackElo "2238"]

1.d4 d5 2.c4 c6 3.Nf3 Nf6 4.Qc2 a6 5.Nbd2 g6 6.e4 dxe4 7.Nxe4 Nbd7 8.Nc3 Bg7
9.Be2 O-O 10.O-O Qc7 11.Rd1 Nb6 12.h3 Bf5 13.Qb3 Ne4 14.Nxe4 Bxe4 15.Be3 Rad8
16.d5 c5 17.Rac1 Nc8 18.Qa3 b6 19.b4 cxb4 20.Qxb4 h6 21.Nd4 g5 22.Nc6 Rd7
23.c5 Bxd5 24.cxb6 Qb7 25.Na5 Qa8 26.Rxd5 Qxd5 27.b7  1-0

[Event "X Open"]
[Site "San Marti ESP"]
[Date "2008.09.07"]
[Round "6"]
[White "Salvo Garcia,R"]
[Black "Riera Danes,M"]
[Result "1/2-1/2"]
[WhiteElo "2131"]
[BlackElo "2089"]

1.d4 d5 2.c4 c6 3.Nf3 Nf6 4.Qc2 e6 5.g3 Be7 6.Bg2 O-O 7.O-O Ne4 8.b3 a5 9.Bb2 f5
10.Ne5 Bd7 11.f3 Nf6 12.Nd2 Be8 13.e4 Bg6 14.Rac1 Na6 15.a3 Nd7 16.Nxg6 hxg6
17.cxd5 cxd5 18.exd5 exd5 19.Qd3 Qb6 20.Rfe1 Rae8 21.Re2 Bd6 22.f4 Nf6 23.Nf3 Ne4
24.Rec2 Nc7 25.Bf1 Rd8 26.Kg2 Ne6 27.Qb5  1/2-1/2

[Event "7th Georgiev - Kesarovski Mem"]
[Site "Sunny Beach BUL"]
[Date "2008.09.08"]
[Round "1"]
[White "Drenchev,P"]
[Black "Kukov,A"]
[Result "1/2-1/2"]
[WhiteElo "2450"]
[BlackElo "2042"]

1.d4 d5 2.c4 c6 3.Nf3 Nf6 4.Qb3 dxc4 5.Qxc4 Bf5 6.g3 e6 7.Bg2 Be7 8.O-O O-O
9.Nc3 Nbd7 10.Re1 Ne4 11.Qb3 Qb6 12.Nh4 Bxh4 13.gxh4 Ndf6 14.f3 Nxc3 15.bxc3 Qc7
16.e4 Bg6 17.Be3 Rad8 18.Rad1 b6 19.Bf2 c5 20.dxc5 bxc5 21.Qb5 Rxd1 22.Rxd1 Rc8
23.Qxc5 h6 24.Qxc7 Rxc7 25.Bd4 Nd7 26.Rc1 e5 27.Be3 f6 28.Bf1 Bf7 29.c4 Kf8
30.Rb1 Ke7 31.Rb4 Nb6 32.Bxb6 axb6 33.Rxb6 Bxc4 34.Bxc4 Rxc4 35.Rb7+ Kf8
36.Rb2 Ra4 37.h5 Ra3 38.Kg2 Kf7 39.h4 Kf8 40.Kg3 Kf7 41.Kg4 Kf8 42.Kf5 Rxf3+
43.Ke6 Kg8 44.a4 Ra3 45.Rb4 Kh7 46.Kf7 Ra2 47.Kf8 Kh8 48.Ke7 Kh7 49.Ke6 Ra3
50.Rc4 Ra2 51.Kd5 Ra1 52.Rb4 Ra2 53.Kc5 g5 54.Kb5 gxh4 55.Rb3 Kg7 56.a5 f5
57.exf5 Kf6 58.a6 Kxf5 59.Kb6 e4 60.a7 Kf4 61.Rh3 Kg4 62.Re3 Kf4 63.Rh3 Kg4  1/2-1/2

[Event "X Open"]
[Site "San Marti ESP"]
[Date "2008.09.09"]
[Round "8"]
[White "Salvo Garcia,R"]
[Black "Beltran Rueda,S"]
[Result "0-1"]
[WhiteElo "2131"]
[BlackElo "2436"]

1.d4 d5 2.c4 c6 3.Nf3 Nf6 4.Qc2 e6 5.g3 dxc4 6.Qxc4 b5 7.Qc2 Bb7 8.Bg2 Nbd7
9.O-O c5 10.Nbd2 Rc8 11.Qd1 cxd4 12.Nxd4 Bxg2 13.Kxg2 Qb6 14.N4f3 Be7 15.Nb3 O-O
16.Be3 Qb7 17.Qd4 Nb6 18.Rac1 Rcd8 19.Qe5 Nc4 20.Na5 Nxa5 21.Rc7 Qd5 22.Rxe7 Nc4
23.Qf4 e5 24.Qh4 Nxe3+ 25.fxe3 Rfe8 26.Rxe8+ Rxe8 27.b3 Qc5 28.Ng5 Qc6+ 29.Kg1 h6
30.Nf3 Qc5 31.Rd1 Qxe3+  0-1

[Event "7th Georgiev - Kesarovski Mem"]
[Site "Sunny Beach BUL"]
[Date "2008.09.09"]
[Round "2"]
[White "Pantev,V"]
[Black "Ivanov L.,S"]
[Result "1/2-1/2"]
[WhiteElo "2380"]
[BlackElo "2099"]

1.d4 d5 2.Nf3 Nf6 3.c4 c6 4.Qc2 dxc4 5.Qxc4 Bf5 6.Nc3 e6 7.g3 Nbd7 8.Bg2 Be7
9.O-O O-O 10.a3 h6 11.Re1 Ne4 12.Be3 Rc8 13.Ne5 Nxe5 14.dxe5 Nxc3 15.Qxc3 Qc7
16.b4 Rfd8 17.Red1 Rxd1+ 18.Rxd1 b6 19.f4 c5 20.b5 Rd8 21.Rxd8+ Qxd8 22.Bd2 Qd4+
23.Qxd4 cxd4 24.Bb4 Bxb4 25.axb4 d3 26.exd3 Bxd3 27.Bc6 Kf8 28.Kf2 Ke7 29.Ke3 Bf1
30.h4 Bc4 31.g4 g6 32.g5 h5  1/2-1/2

[Event "Open"]
[Site "Herzliya ISR"]
[Date "2008.09.10"]
[Round "7"]
[White "Golberg,I"]
[Black "Eden,T"]
[Result "1-0"]
[WhiteElo "2207"]
[BlackElo "2129"]

1.d4 d5 2.c4 c6 3.Nf3 Nf6 4.g3 Bf5 5.Qb3 Qc8 6.Nc3 e6 7.Nh4 Bg4 8.h3 Bh5
9.g4 Bg6 10.Nxg6 hxg6 11.Bg2 Bd6 12.Bd2 Nbd7 13.Rc1 Qb8 14.e3 g5 15.e4 Bf4
16.e5 Nxe5 17.dxe5 Qxe5+ 18.Ne2 Bxd2+ 19.Kxd2 dxc4 20.Qc3 Ne4+ 21.Bxe4 Qxe4
22.Rce1 O-O 23.Kc1 b5 24.Qc2 Qxc2+ 25.Kxc2 Rad8 26.Rd1 Rd5 27.Nc3 Re5 28.Rd2 f5
29.Rg1 Kh7 30.gxf5 Rfxf5 31.Rg4 Rf4 32.Rg2 Kh6 33.Ne2 Rf3 34.Nd4 Rxh3 35.Nxc6 Re1
36.Rg4 Kh7 37.Rgd4 a6 38.Rd7 Rf3 39.Nd4 Rf6 40.Ra7 e5 41.Ne2 Kh6 42.Re7 Rxf2
43.Rxe5 g4 44.Rd6+ Kh7 45.Kd2 g3 46.Kxe1  1-0

[Event "USCL 2008"]
[Site "ICC INT"]
[Date "2008.09.10"]
[Round "3"]
[White "Bonin,J"]
[Black "Yeager,D"]
[Result "1/2-1/2"]
[WhiteElo "2385"]
[BlackElo "2335"]

1.d4 Nf6 2.Nf3 d5 3.c4 c6 4.Nbd2 Bf5 5.g3 h6 6.Bg2 e6 7.O-O Be7 8.b3 O-O
9.Bb2 Ne4 10.Nxe4 Bxe4 11.Ne5 Bxg2 12.Kxg2 Nd7 13.Nxd7 Qxd7 14.Qd3 Bf6 15.Rab1 Rfd8
16.Rfd1 Qc7 17.e4 dxe4 18.Qxe4 Rd7 19.Rd3 Rad8 20.Rbd1 c5 21.R3d2 Qc6 22.d5 exd5
23.cxd5 Qd6 24.Bxf6 Qxf6 25.d6 g6 26.Qd5 Rxd6 27.Qxd6 Rxd6 28.Rxd6 Qe5 29.a4 c4
30.bxc4 Qe4+ 31.Kg1 Qxc4 32.R1d4 Qc1+ 33.Kg2 Qc5 34.h4 h5 35.Kh2 Qc2 36.Rf4 Qc7
37.Rfd4 Qc5 38.Rd7 Qc6 39.a5 Qb5 40.Rc7 Qxa5 41.Rxb7 Qa2 42.Rf4 a5 43.Ra7 Kg7
44.Kg1 Qb1+ 45.Kg2 Qa2 46.Rd4 Kg8 47.Rf4 Kg7  1/2-1/2

[Event "3rd PGMA Cup"]
[Site "Manila PHI"]
[Date "2008.09.10"]
[Round "6"]
[White "Simanjuntak,S"]
[Black "Olay,E"]
[Result "0-1"]
[WhiteElo "2256"]
[BlackElo "2398"]

1.d4 d5 2.Nf3 c6 3.c4 dxc4 4.e3 Be6 5.a4 Nf6 6.Ne5 g6 7.Nc3 Bg7 8.Bxc4 Bxc4
9.Nxc4 O-O 10.O-O Nd5 11.Qb3 b6 12.e4 Nc7 13.Be3 Bxd4 14.Rad1 c5 15.Ne2 Nc6
16.Kh1 Qd7 17.f4 Rad8 18.f5 Kh8 19.Bf4 gxf5 20.Ne5 Nxe5 21.Bxe5+ f6 22.Bxd4 cxd4
23.Nxd4 fxe4 24.Nf5 Nd5 25.Qg3 e6 26.Nd4 Rg8 27.Qh3 e3 28.Rfe1 f5 29.Qf3 Qf7
30.g3 Qf6 31.Ne2 Qxb2 32.Rd4 Rc8 33.Rh4 Rg7 34.Nf4 Qf2 35.Qd1  0-1

[Event "TCh-SRB 1st League w"]
[Site "Subotica SRB"]
[Date "2008.09.10"]
[Round "8"]
[White "Hryhorenko,N"]
[Black "Ovod,E"]
[Result "0-1"]
[WhiteElo "2345"]
[BlackElo "2416"]

1.d4 d5 2.Nf3 Nf6 3.c4 c6 4.g3 Bf5 5.Bg2 h6 6.O-O e6 7.Nc3 Nbd7 8.b3 Be7
9.Bb2 O-O 10.Nd2 Qb6 11.e3 Bd3 12.Re1 dxc4 13.Na4 Qa6 14.Nxc4 Bxc4 15.bxc4 Qxc4
16.Bf1 Qb4 17.Rb1 Qa5 18.Bc3 Qc7 19.e4 Rfd8 20.Qc2 b5 21.Nc5 Nxc5 22.dxc5 Nd7
23.Bd4 e5 24.Be3 Bg5 25.Rbd1 Nf6 26.Bxg5 hxg5 27.Re3 Rxd1 28.Qxd1 Rd8 29.Rd3 Rxd3
30.Qxd3 Qe7 31.Qa3 Nxe4 32.Bg2 Qxc5 33.Qxc5 Nxc5 34.Bxc6 b4 35.Kg2 g4 36.f3 gxf3+
37.Kxf3 a5  0-1

[Event "7th Georgiev - Kesarovski Mem"]
[Site "Sunny Beach BUL"]
[Date "2008.09.10"]
[Round "3"]
[White "Raeva,E"]
[Black "Vasilev,M"]
[Result "1-0"]
[WhiteElo "2307"]
[BlackElo "2479"]

1.d4 d5 2.c4 c6 3.Nf3 dxc4 4.e3 Be6 5.Nc3 b5 6.a4 b4 7.Ne4 Nf6 8.Nc5 Bd5
9.Bd2 a5 10.Rc1 e6 11.Bxc4 Bxc5 12.Bxd5 cxd5 13.dxc5 Nc6 14.Nd4 Qd7 15.O-O e5
16.Nb5 O-O 17.Qb3 Rad8 18.Rfd1 h5 19.Be1 e4 20.Qc2 Rfe8 21.Qe2 h4 22.Nd6 Re5
23.f4 exf3 24.Qxf3 Rh5 25.e4 Ne5 26.Qe2 d4 27.Rxd4 Qxa4 28.Rd5 Qc6 29.Nf5 Re8
30.Rd8 Qe6 31.Rd6 Qb3 32.Rxf6 Rg5 33.Nd4 Qh3 34.Kh1 Qc8 35.Rf5 Rg6 36.Bxh4 Qd7
37.Qb5 Qc8 38.c6 Ng4 39.Qb7 f6 40.Qxc8 Rxc8 41.c7 Ne5 42.Nb5  1-0

[Event "3rd PGMA Cup"]
[Site "Manila PHI"]
[Date "2008.09.11"]
[Round "7"]
[White "Nadera,B"]
[Black "Paragua,M"]
[Result "1/2-1/2"]
[WhiteElo "2401"]
[BlackElo "2523"]

1.d4 d5 2.Nf3 Nf6 3.c4 c6 4.Qc2 dxc4 5.Qxc4 Bf5 6.Nc3 e6 7.g3 Nbd7 8.Bg2 Be7
9.O-O O-O 10.e3 b5 11.Qe2 b4 12.Na4 Qa5 13.b3 Qb5 14.Re1 Rac8 15.Nd2 Bd3
16.Qf3 c5 17.Nb2 Bg6 18.Nbc4 cxd4  1/2-1/2

[Event "61st ch-RUS HL"]
[Site "Novokuznetsk RUS"]
[Date "2008.09.11"]
[Round "8"]
[White "Kravtsov,S"]
[Black "Chuprikov,D"]
[Result "1/2-1/2"]
[WhiteElo "2404"]
[BlackElo "2450"]

1.d4 d5 2.c4 c6 3.Nf3 Nf6 4.g3 Bf5 5.Bg2 e6 6.O-O Nbd7 7.b3 Be7 8.Nc3 Ne4
9.Bb2 O-O 10.Nd2 Nxc3 11.Bxc3 Nf6 12.c5 Ne4 13.Bb2 Bf6 14.Nf3 b6 15.cxb6 axb6
16.Ne5 c5 17.Qe1 cxd4 18.Bxd4 Qd6 19.f4 h6 20.a4 Rfc8 21.Ra2 Be7 22.h4 f6
23.Nd3 Rc7 24.Bf3 Rac8 25.g4 Bh7 26.g5 Bf5 27.Kh1 Kh7 28.gxh6 Kxh6 29.Rg1 Kh7
30.Qf1 Rh8 31.Qg2 Bd8 32.Bg4 Kg8 33.Bxf5 exf5 34.Qh3 Rh7 35.h5 Qe6 36.a5 bxa5
37.Rxa5 Qf7 38.Kg2 Rxh5 39.Qe3 Rc8 40.Ra7 Be7 41.b4 Qe8 42.Kf1 Bf8 43.Nc5 Rh2
44.Nd7 Qh5 45.Bc5 Bxc5 46.bxc5 Kh8 47.Ke1 Re8 48.Rxg7 Rh1+ 49.Rg1 Qh4+ 50.Kd1 Rxg1+
51.Qxg1 Nc3+ 52.Kc2 Nxe2 53.Qa1 d4 54.Qa6 d3+ 55.Kb2 Nxf4 56.Qxf6+ Qxf6+
57.Nxf6 Re2+ 58.Kc3 Rh2 59.Rd7 d2 60.Rxd2 Rxd2 61.Kxd2 Kg7 62.Ne8+  1/2-1/2

[Event "IV Geller Memorial"]
[Site "Odessa UKR"]
[Date "2008.09.11"]
[Round "3"]
[White "Garifulin,A"]
[Black "Kurayan,R"]
[Result "1/2-1/2"]
[WhiteElo "2288"]
[BlackElo "2155"]

1.d4 d5 2.c4 c6 3.Nf3 Nf6 4.g3 dxc4 5.Bg2 b5 6.O-O Bb7 7.Ne5 e6 8.Nc3 a6
9.a4 Nd5 10.e4 Nxc3 11.bxc3 Nd7 12.Bf4 Nf6 13.Rb1 Qc8 14.Qe2 Nd7 15.Rbd1 Nxe5
16.Bxe5 f6 17.Bf4 Kf7 18.Rfe1 Ba3 19.Bh3 Qe8 20.Qa2 Be7 21.Qc2 Bc8 22.Bc1 e5
23.Bg2 Rf8 24.d5 Bc5 25.Kh1 Kg8 26.Qe2 Bb7 27.Be3 Qe7 28.Bxc5 Qxc5 29.d6 Rad8
30.d7 Qe7 31.Bh3 c5 32.Kg1 Bc6 33.axb5 axb5 34.Qa2 f5 35.Bxf5 g6 36.Bh3 Bxd7
37.Qa7 Qf6 38.Bxd7  1/2-1/2